|
|
|
|
| LEADER |
00000nam a2200000 i 4500 |
| 001 |
DIGDYK3795 |
| 003 |
NyNyDIG |
| 007 |
cr ||||||||||| |
| 008 |
250302s2024 sp a ob 000 0 spa d |
| 006 |
m o d |
| 035 |
|
|
|a (OCoLC)1496394636
|
| 040 |
|
|
|a DGITA
|b eng
|e rda
|e pn
|c DGITA
|
| 020 |
|
|
|a 9788410702455
|q eBook
|
| 043 |
|
|
|a cl-----
|
| 050 |
1 |
4 |
|a F1410 ebook
|
| 245 |
0 |
4 |
|a Los logros de la gobernabilidad en América Latina /
|c coord., Adriana Fillol Mazo.
|
| 250 |
|
|
|a 1a edición.
|
| 264 |
|
1 |
|a Madrid :
|b Dykinson, S.L.,
|c 2024.
|
| 300 |
|
|
|a 1 online resource :
|b illustrations.
|
| 336 |
|
|
|a text
|b txt
|2 rdacontent
|
| 337 |
|
|
|a computer
|b c
|2 rdamedia
|
| 338 |
|
|
|a online resource
|b cr
|2 rdacarrier
|
| 347 |
|
|
|a text file
|2 rdaft
|
| 347 |
|
|
|b PDF
|
| 490 |
1 |
|
|a Colección Conocimiento contemporáneo ;
|v no. 211
|
| 504 |
|
|
|a Includes bibliographical references.
|
| 588 |
0 |
|
|a Online resource; title from PDF title page (Digitalia, viewed March 2, 2025)
|
| 651 |
|
0 |
|a Latin America
|x Politics and government.
|
| 651 |
|
0 |
|a Latin America
|x Social conditions.
|
| 700 |
1 |
|
|a Fillol Mazo, Adriana,
|e editor.
|
| 791 |
2 |
|
|a Digitalia (Firm),
|e distributor.
|
| 793 |
0 |
|
|g Digitalia eBook Collection:
|a Dykinson Editorial
|
| 830 |
|
0 |
|a Colección Conocimiento contemporáneo ;
|v 211.
|
| 856 |
4 |
0 |
|3 Digitalia Hispánica
|u https://www.digitaliapublishing.com/a/170657/
|
| 910 |
|
|
|a Premium collection: 2025
|